[Event "IECG CN.2001.0.00247"]
[Site "IECG email"]
[Date "2001.05.14"]
[Round "?"]
[White "Gusba, Scott"]
[Black "Wojohn, Tripp"]
[Result "0-1"]
[WhiteElo "800"]
[BlackElo "800"]
[PlyCount "40"]
[EventDate "2001.05.14"]
[EventType "tourn (corr)"]
[EventRounds "6"]
[SourceTitle "Corr 2008"]
[Source "ChessBase"]
[SourceDate "2008.06.24"]
[SourceVersion "1"]
[SourceVersionDate "2008.06.24"]
[SourceQuality "1"]

1. e4 e5 2. f4 exf4 3. Nf3 g5 4. Bc4 Bg7 5. d4 d6 6. b3 g4 7. Nfd2 Bxd4 8. c3 Bxc3 9. Nxc3 Qh4+ 10. Kf1 Ne7 11. Nb5 Na6 12. Bb2 Rg8 13. e5 d5 14. Bd3 f3 15. g3 Qh3+ 16. Kf2 Qg2+ 17. Ke3 d4+ 18. Kxd4 Qf2+ 19. Kc3 Nd5+ 20. Kc2 Ne3+ 0-1